000 00524nam a22001577a 4500
003 OSt
005 20151101152920.0
008 151101b xxu||||| |||| 00| 0 eng d
040 _cRUA
082 _aFOR ស៊ូ 1991 B1991 Or.1
100 _93153
_aស៊ូ សោគន្ធ
245 _aផ្សារលក់ឈើអារ និងសង្ហារិមរបស់រោងចក្រអារឈើអ្នកលឿង
260 _aPhnom Penh
_bRUA
_c1991
300 _a59p.
_bill.
_c29cm.
942 _2ddc
_cFOR
999 _c2941
_d2941